[Event "Euskadi-chT (Vasca) Div 1st"]
[Site "Bergara"]
[Date "2018.01.13"]
[Round "1.1"]
[White "Ayesta Perojo, Enrique"]
[Black "Zulaika Centeno, Ander"]
[Result "1/2-1/2"]
[WhiteElo "2042"]
[BlackElo "2022"]
[PlyCount "35"]
[EventDate "2018.01.13"]
[EventType "team-tourn"]
[EventRounds "9"]
[EventCountry "ESP"]
[SourceTitle "EXT 2020"]
[Source "ChessBase"]
[SourceDate "2019.10.17"]
[SourceVersion "1"]
[SourceVersionDate "2019.10.17"]
[SourceQuality "1"]
[WhiteTeam "Portugalete"]
[BlackTeam "Zarautz"]
[WhiteTeamCountry "ESP"]
[BlackTeamCountry "ESP"]

1. c4 Nf6 2. Nc3 e5 3. g3 Bc5 4. Bg2 0-0 5. e3 Re8 6. Nge2 Nc6 7. 0-0 d6 8. a3 a5 9. d4 exd4 10. exd4 Ba7 11. Qd3 Bg4 12. Be3 Qd7 13. Nf4 Bf5 14. Qd2 Ne4 15. Nxe4 Bxe4 16. Nd5 Bxg2 17. Kxg2 a4 18. Rad1 1/2-1/2

[Event "Vasco-chT"]
[Site "Pais Vasco"]
[Date "2009.02.21"]
[Round "6.1"]
[White "Nava Pereda, Carlos"]
[Black "Zulaika Centeno, Ander"]
[Result "1-0"]
[WhiteElo "2288"]
[BlackElo "2052"]
[PlyCount "39"]
[EventDate "2009.01.10"]
[EventType "team-tourn"]
[EventRounds "9"]
[EventCountry "ESP"]
[SourceTitle "EXT 2010"]
[Source "ChessBase"]
[SourceDate "2010.11.25"]
[SourceVersion "1"]
[SourceVersionDate "2010.11.25"]
[SourceQuality "1"]

1. Nf3 d5 2. c4 c6 3. e3 Nf6 4. Nc3 e6 5. b3 Bd6 6. Bb2 Nbd7 7. Qc2 Qe7 8. Be2 a6 9. h3 0-0 10. g4 g6 11. g5 Nh5 12. h4 b5 13. Nh2 Ng7 14. Ng4 Nf5 15. cxd5 exd5 16. Nxd5 cxd5 17. Qxf5 Ne5 18. Bxe5 Bxe5 19. Qxe5 Qxe5 20. Nxe5 1-0

[Event "Vasco-chT"]
[Site "Pais Vasco"]
[Date "2009.02.07"]
[Round "4.1"]
[White "Zulaika Centeno, Ander"]
[Black "Montoya Irigoyen, Inigo"]
[Result "0-1"]
[WhiteElo "2052"]
[BlackElo "2065"]
[PlyCount "92"]
[EventDate "2009.01.10"]
[EventType "team-tourn"]
[EventRounds "9"]
[EventCountry "ESP"]
[SourceTitle "EXT 2010"]
[Source "ChessBase"]
[SourceDate "2010.11.25"]
[SourceVersion "1"]
[SourceVersionDate "2010.11.25"]
[SourceQuality "1"]

1. e4 c5 2. Nf3 e6 3. d4 cxd4 4. Nxd4 Nc6 5. Nc3 Qc7 6. Ndb5 Qb8 7. Be2 a6 8. Nd4 Qc7 9. 0-0 Nf6 10. Be3 Bb4 11. Bd3 Nxd4 12. Bxd4 e5 13. Be3 Bxc3 14. bxc3 Qxc3 15. f4 d6 16. fxe5 dxe5 17. Bg5 Bg4 18. Qc1 Nd7 19. h3 Be6 20. Rf3 0-0 21. Bd2 Qc6 22. Qe1 f6 23. Qe2 Rac8 24. g4 Nc5 25. Raf1 Qd7 26. Qf2 Rf7 27. Qg3 Nxd3 28. cxd3 Qd4+ 29. Kh1 Rc2 30. R1f2 Qa1+ 31. Kg2 Qxa2 32. Be3 Qb3 33. g5 Rxf2+ 34. Bxf2 Kh8 35. h4 Qb2 36. d4 Qe2 37. dxe5 Qxe4 38. exf6 gxf6 39. Qb8+ Kg7 40. Qd8 Bd5 41. gxf6+ Kh6 42. Be3+ Kh5 43. Qg8 Qxf3+ 44. Kg1 Qxe3+ 45. Kh2 Qf2+ 46. Kh3 Be6+ 0-1

[Event "Vasco-chT"]
[Site "Pais Vasco"]
[Date "2009.01.10"]
[Round "1.1"]
[White "Miguel Quintero, Francisco"]
[Black "Zulaika Centeno, Ander"]
[Result "1/2-1/2"]
[WhiteElo "2274"]
[BlackElo "2052"]
[PlyCount "34"]
[EventDate "2009.01.10"]
[EventType "team-tourn"]
[EventRounds "9"]
[EventCountry "ESP"]
[SourceTitle "EXT 2010"]
[Source "ChessBase"]
[SourceDate "2010.11.25"]
[SourceVersion "1"]
[SourceVersionDate "2010.11.25"]
[SourceQuality "1"]

1. e4 c5 2. Nf3 d6 3. c3 Nf6 4. Be2 Nc6 5. d3 g6 6. 0-0 Bg7 7. Be3 0-0 8. h3 c4 9. Nbd2 cxd3 10. Bxd3 Nd7 11. Qe2 Qc7 12. Rac1 Nde5 13. Bc2 Nxf3+ 14. Nxf3 e5 15. Bb3 Be6 16. Bxe6 fxe6 17. Qc4 Qe7 1/2-1/2

[Event "San Sebastian op 17th"]
[Site "San Sebastian"]
[Date "2007.09.29"]
[Round "9"]
[White "Sanz Perez, Eduardo"]
[Black "Zulaika Centeno, Ander"]
[Result "1-0"]
[WhiteElo "2156"]
[BlackElo "2075"]
[PlyCount "109"]
[EventDate "2007.09.21"]
[EventType "swiss"]
[EventRounds "9"]
[EventCountry "ESP"]
[SourceTitle "CBM 120 Extra"]
[Source "ChessBase"]
[SourceDate "2007.11.01"]
[SourceVersion "1"]
[SourceVersionDate "2007.11.01"]
[SourceQuality "1"]

1. f4 d5 2. e3 Nf6 3. Nf3 Bf5 4. b3 h6 5. Bb2 e6 6. Be2 Be7 7. 0-0 0-0 8. Ne5 Nbd7 9. d3 c6 10. Qe1 Nxe5 11. fxe5 Nd7 12. Nd2 f6 13. e4 dxe4 14. dxe4 Bh7 15. exf6 Bxf6 16. Bxf6 Rxf6 17. Qg3 Nc5 18. Qe3 Qe7 19. Rxf6 Qxf6 20. e5 Qe7 21. c3 Rd8 22. Nc4 Ne4 23. Rf1 Qc5 24. Qxc5 Nxc5 25. Nd6 Rf8 26. Bg4 Rxf1+ 27. Kxf1 Kf8 28. b4 Nd3 29. Bxe6 Nxe5 30. Nxb7 Ke7 31. Bb3 Bd3+ 32. Kf2 Ng4+ 33. Kg3 Nf6 34. Nc5 Ne4+ 35. Nxe4 Bxe4 36. Bd1 Kd6 37. Bf3 Bd3 38. Kf4 Bc4 39. a3 Bd5 40. Bxd5 Kxd5 41. Kf5 Kc4 42. Kg6 Kxc3 43. g4 Kb3 44. Kxg7 Kxa3 45. Kxh6 Kxb4 46. g5 c5 47. g6 c4 48. g7 c3 49. g8Q c2 50. Qg5 Kc3 51. Qc1 a5 52. Kg6 a4 53. Qa3+ Kd2 54. Qxa4 c1Q 55. Qf4+ 1-0

[Event "San Sebastian op 17th"]
[Site "San Sebastian"]
[Date "2007.09.24"]
[Round "4"]
[White "Zulaika Centeno, Ander"]
[Black "Tung, Siu Hung"]
[Result "1-0"]
[WhiteElo "2075"]
[BlackElo "1970"]
[PlyCount "89"]
[EventDate "2007.09.21"]
[EventType "swiss"]
[EventRounds "9"]
[EventCountry "ESP"]
[SourceTitle "CBM 120 Extra"]
[Source "ChessBase"]
[SourceDate "2007.11.01"]
[SourceVersion "1"]
[SourceVersionDate "2007.11.01"]
[SourceQuality "1"]

1. e4 c6 2. d4 d6 3. Nc3 Nf6 4. f4 g6 5. Nf3 Bg7 6. Bd3 Qb6 7. e5 dxe5 8. fxe5 Ng4 9. h3 Nh6 10. 0-0 Nf5 11. Ne2 c5 12. c3 cxd4 13. cxd4 Nc6 14. Kh1 0-0 15. g4 Nh6 16. Be3 Nxg4 17. hxg4 Bxg4 18. Qd2 Qd8 19. Be4 Qd7 20. Bh6 Bxf3+ 21. Rxf3 Qg4 22. Bf4 Rad8 23. Qe3 Nb4 24. Rg1 Qe6 25. Nc3 Qc4 26. Rd1 Rd7 27. Bh6 f5 28. exf6 exf6 29. Bxg7 Rxg7 30. a3 f5 31. Bb1 f4 32. Qe4 g5 33. axb4 Qxb4 34. Rh3 Qe7 35. Qxe7 Rxe7 36. Kg2 Rg7 37. Rdh1 g4 38. Rxh7 f3+ 39. Kf1 Rxh7 40. Bxh7+ Kg7 41. Be4 Kf6 42. Rh5 Rg8 43. Nd5+ Ke6 44. Ne3 Kf6 45. Kf2 1-0

[Event "Euskadi-ch U18"]
[Site "Eibar"]
[Date "2007.04.14"]
[Round "6"]
[White "Zulaika Centeno, Ander"]
[Black "Trigo Urquijo, Sergio"]
[Result "1/2-1/2"]
[WhiteElo "2056"]
[BlackElo "2123"]
[PlyCount "155"]
[EventDate "2007.04.10"]
[EventType "swiss"]
[EventRounds "7"]
[EventCountry "ESP"]
[SourceTitle "EXT 2008"]
[Source "ChessBase"]
[SourceDate "2007.11.25"]
[SourceVersion "1"]
[SourceVersionDate "2007.11.25"]
[SourceQuality "1"]

1. e4 e5 2. Nf3 Nc6 3. Bb5 a6 4. Ba4 Nf6 5. d3 d6 6. c3 Be7 7. 0-0 0-0 8. Re1 b5 9. Bc2 d5 10. exd5 Qxd5 11. Bb3 Qd6 12. Nxe5 Nxe5 13. Bf4 Qxd3 14. Bxe5 Qxd1 15. Rxd1 c5 16. a4 Bf5 17. Na3 Nd7 18. Bd6 Bxd6 19. Rxd6 c4 20. Bd1 g6 21. Bf3 Ra7 22. Bc6 Rb8 23. Bxd7 Bxd7 24. Rad1 Be6 25. axb5 axb5 26. Rd8+ Rxd8 27. Rxd8+ Kg7 28. Rb8 Rd7 29. h3 Rd1+ 30. Kh2 Rd2 31. Rxb5 Rxf2 32. Rb4 Bd5 33. h4 Rxg2+ 34. Kh3 Rf2 35. Nxc4 Bxc4 36. Rxc4 Rxb2 37. Rc6 Re2 38. Kg3 h5 39. c4 Re3+ 40. Kg2 Rc3 41. c5 Rd3 42. Rb6 Rd5 43. c6 Rc5 44. Kf3 Rc4 45. Kg3 Kf6 46. c7+ Ke5 47. Rb7 Rc3+ 48. Kf2 f6 49. Kg2 Rc4 50. Kf3 Rc3+ 51. Kg2 Rc6 52. Kf3 f5 53. Rb6 Rxc7 54. Rxg6 Rc4 55. Ra6 Rxh4 56. Ra5+ Kf6 57. Ra8 Rb4 58. Rf8+ Kg5 59. Rg8+ Kh4 60. Rf8 Rb1 61. Rg8 Rf1+ 62. Ke3 Kh3 63. Ke2 Rf4 64. Ke3 Rg4 65. Rf8 Kh2 66. Rxf5 h4 67. Kf2 h3 68. Rf3 Rg7 69. Kf1 Rh7 70. Kf2 Rh8 71. Kf1 Kh1 72. Kf2 h2 73. Rg3 Rf8+ 74. Ke2 Ra8 75. Kf2 Ra2+ 76. Kf1 Ra1+ 77. Kf2 Rg1 78. Rf3 1/2-1/2

[Event "Euskadi-ch U18"]
[Site "Eibar"]
[Date "2007.04.11"]
[Round "2"]
[White "Martinez Salas, Imanol"]
[Black "Zulaika Centeno, Ander"]
[Result "0-1"]
[WhiteElo "1990"]
[BlackElo "2056"]
[PlyCount "62"]
[EventDate "2007.04.10"]
[EventType "swiss"]
[EventRounds "7"]
[EventCountry "ESP"]
[SourceTitle "EXT 2008"]
[Source "ChessBase"]
[SourceDate "2007.11.25"]
[SourceVersion "1"]
[SourceVersionDate "2007.11.25"]
[SourceQuality "1"]

1. e4 c5 2. b4 cxb4 3. a3 d5 4. exd5 Qxd5 5. Nf3 Bg4 6. Be2 e5 7. axb4 Bxb4 8. Ra4 Nc6 9. c3 Bxf3 10. Bxf3 e4 11. Qe2 Nf6 12. 0-0 0-0 13. cxb4 exf3 14. Qxf3 Qxf3 15. gxf3 b5 16. Ra3 Nxb4 17. Rb3 a5 18. Ba3 Nfd5 19. Nc3 Rfb8 20. Rfb1 Nxc3 21. dxc3 Nc2 22. Bd6 Rc8 23. Rxb5 a4 24. R5b2 Rxc3 25. Rc1 Rac8 26. Ra2 R3c4 27. Rb1 h6 28. Rb7 R8c6 29. Be7 Nd4 30. Kg2 Rg6+ 31. Kh3 Nxf3 0-1

[Event "San Sebastian op 30th"]
[Site "San Sebastian"]
[Date "2007.04.05"]
[Round "5"]
[White "Zulaika Centeno, Ander"]
[Black "Voet, Dirk Victor"]
[Result "1-0"]
[WhiteElo "2056"]
[BlackElo "1880"]
[PlyCount "49"]
[EventDate "2007.04.01"]
[EventType "swiss"]
[EventRounds "9"]
[EventCountry "ESP"]
[SourceTitle "CBM 117 Extra"]
[Source "ChessBase"]
[SourceDate "2007.05.09"]
[SourceVersion "1"]
[SourceVersionDate "2007.05.09"]
[SourceQuality "1"]

1. e4 g6 2. d4 Bg7 3. Nc3 d6 4. f4 a6 5. Nf3 b5 6. Bd3 Nd7 7. 0-0 Bb7 8. Qe1 c5 9. dxc5 Nxc5 10. Be3 Nf6 11. Bd4 Ne6 12. Be3 0-0 13. f5 Nc5 14. Qh4 b4 15. Nd5 Bxd5 16. exd5 Nxd3 17. cxd3 Nxd5 18. Bh6 e6 19. Ng5 Bf6 20. fxe6 fxe6 21. Qe4 Re8 22. Nxe6 Qe7 23. Rae1 Be5 24. Qxd5 Qxe6 25. Rf8+ 1-0

[Event "Gipuzko-ch"]
[Site "Eibar"]
[Date "2006.11.25"]
[Round "6.3"]
[White "Zulaika Centeno, Ander"]
[Black "Martin Alvarez, Inigo"]
[Result "0-1"]
[WhiteElo "2074"]
[BlackElo "2129"]
[PlyCount "62"]
[EventDate "2006.10.21"]
[EventType "swiss"]
[EventRounds "7"]
[EventCountry "ESP"]
[SourceTitle "EXT 2024"]
[Source "ChessBase"]
[SourceDate "2023.10.10"]
[SourceVersion "1"]
[SourceVersionDate "2023.10.10"]
[SourceQuality "1"]

1. d4 d6 2. Nf3 Nf6 3. c4 Nbd7 4. Nc3 g6 5. e4 Bg7 6. Be2 0-0 7. 0-0 c6 8. b4 a5 9. bxa5 c5 10. Bb2 cxd4 11. Nxd4 Nc5 12. Qc2 Qxa5 13. Nb3 Qb6 14. Nxc5 Qxc5 15. Nb5 Nd7 16. Bxg7 Kxg7 17. Rfd1 Nf6 18. Rab1 Bd7 19. Nd4 Ba4 20. Nb3 Qe5 21. f3 Rfc8 22. Qb2 Nd7 23. Qxe5+ Nxe5 24. Rdc1 Bd7 25. Rb2 Nc6 26. c5 dxc5 27. Nxc5 Nd4 28. Nd3 Nxe2+ 29. Rxe2 Bb5 30. Rxc8 Rxc8 31. Rd2 Rd8 0-1

[Event "Gipuzko-ch"]
[Site "Eibar"]
[Date "2006.10.21"]
[Round "1.10"]
[White "Zulaika Centeno, Ander"]
[Black "Cantabrana Garona, Alejandro"]
[Result "1-0"]
[WhiteElo "2074"]
[BlackElo "1899"]
[PlyCount "45"]
[EventDate "2006.10.21"]
[EventType "swiss"]
[EventRounds "7"]
[EventCountry "ESP"]
[SourceTitle "EXT 2024"]
[Source "ChessBase"]
[SourceDate "2023.10.10"]
[SourceVersion "1"]
[SourceVersionDate "2023.10.10"]
[SourceQuality "1"]

1. e4 c5 2. Nc3 e6 3. f4 d5 4. g3 d4 5. Nce2 Bd7 6. d3 Bc6 7. Bg2 Nf6 8. Nf3 Nbd7 9. 0-0 h5 10. Nh4 Be7 11. f5 e5 12. Nf3 h4 13. Nxh4 Ng4 14. h3 Bxh4 15. hxg4 Bg5 16. Kf2 Be3+ 17. Bxe3 dxe3+ 18. Kxe3 Qg5+ 19. Kf2 Nf6 20. Bf3 0-0-0 21. Qc1 Nxg4+ 22. Bxg4 Rh2+ 23. Kf3 1-0

[Event "Arrasate Hiria op 6th"]
[Site "Mondragon"]
[Date "2006.09.15"]
[Round "2"]
[White "Zulaika Centeno, Ander"]
[Black "Ladron de Guevara Pinto, Miguel"]
[Result "1/2-1/2"]
[WhiteElo "2037"]
[BlackElo "2120"]
[PlyCount "26"]
[EventDate "2006.09.08"]
[EventType "swiss"]
[EventRounds "6"]
[EventCountry "ESP"]
[SourceTitle "EXT 2018"]
[Source "ChessBase"]
[SourceDate "2017.10.13"]
[SourceVersion "1"]
[SourceVersionDate "2017.10.13"]
[SourceQuality "1"]

1. e4 e5 2. Nf3 Nc6 3. Bb5 Nf6 4. 0-0 d6 5. Re1 Bd7 6. d4 Be7 7. Nc3 0-0 8. Bxc6 Bxc6 9. dxe5 dxe5 10. Qxd8 Raxd8 11. Nxe5 Bxe4 12. Nxe4 Nxe4 13. Bf4 f5 1/2-1/2

[Event "San Sebastian Primavera op 2nd"]
[Site "San Sebastian"]
[Date "2006.06.17"]
[Round "7.3"]
[White "Zulaika Centeno, Ander"]
[Black "Manso Marquez, Felix"]
[Result "0-1"]
[WhiteElo "2009"]
[BlackElo "2098"]
[PlyCount "62"]
[EventDate "2006.05.06"]
[EventType "swiss"]
[EventRounds "7"]
[EventCountry "ESP"]
[SourceTitle "CBM 112 Extra"]
[Source "ChessBase"]
[SourceDate "2006.07.14"]
[SourceVersion "1"]
[SourceVersionDate "2006.07.14"]
[SourceQuality "1"]

1. e4 c5 2. Nf3 e6 3. d4 cxd4 4. Nxd4 Nc6 5. Nc3 Qc7 6. Be3 a6 7. Qd2 b5 8. 0-0-0 Bb7 9. f3 Nxd4 10. Bxd4 Ne7 11. Be5 Qc6 12. Bd6 Nc8 13. Bxf8 Rxf8 14. e5 f6 15. exf6 gxf6 16. Bd3 Nb6 17. Bxh7 0-0-0 18. Bd3 d5 19. Qf2 Kb8 20. h4 b4 21. Ne2 e5 22. Ng3 d4 23. Be4 Qa4 24. Kb1 Bd5 25. Bxd5 Rxd5 26. Ne2 Rc8 27. Nc1 Ra5 28. g4 Nd5 29. Rd3 Nc3+ 30. Rxc3 bxc3 31. b3 Qa3 0-1

[Event "San Sebastian Primavera op 2nd"]
[Site "San Sebastian"]
[Date "2006.06.10"]
[Round "6.2"]
[White "Pinilla Santibanez, Roberto"]
[Black "Zulaika Centeno, Ander"]
[Result "1/2-1/2"]
[WhiteElo "2114"]
[BlackElo "2009"]
[PlyCount "61"]
[EventDate "2006.05.06"]
[EventType "swiss"]
[EventRounds "7"]
[EventCountry "ESP"]
[SourceTitle "CBM 112 Extra"]
[Source "ChessBase"]
[SourceDate "2006.07.14"]
[SourceVersion "1"]
[SourceVersionDate "2006.07.14"]
[SourceQuality "1"]

1. e4 d5 2. exd5 Qxd5 3. Nf3 Nf6 4. d4 c6 5. c4 Qd8 6. Nc3 Bf5 7. Be2 e6 8. Ne5 h6 9. 0-0 Nbd7 10. f4 Be7 11. Be3 Qc7 12. Bf3 Rd8 13. Qe2 0-0 14. Rac1 Qb8 15. Qf2 c5 16. Nxd7 Rxd7 17. h3 cxd4 18. Bxd4 b6 19. Be3 Rfd8 20. Rfe1 Rd3 21. Kh1 Bc5 22. Bxc5 bxc5 23. Qxc5 Qxf4 24. Qe5 Rxf3 25. gxf3 Qxf3+ 26. Kg1 Bxh3 27. Re2 Rd4 28. Qxd4 Qg3+ 29. Kh1 Qf3+ 30. Kg1 Qg3+ 31. Kh1 1/2-1/2

[Event "San Sebastian Primavera op 2nd"]
[Site "San Sebastian"]
[Date "2006.06.03"]
[Round "5.3"]
[White "Zulaika Centeno, Ander"]
[Black "Darrigues, Alain"]
[Result "1-0"]
[WhiteElo "2009"]
[BlackElo "2026"]
[PlyCount "67"]
[EventDate "2006.05.06"]
[EventType "swiss"]
[EventRounds "7"]
[EventCountry "ESP"]
[SourceTitle "CBM 112 Extra"]
[Source "ChessBase"]
[SourceDate "2006.07.14"]
[SourceVersion "1"]
[SourceVersionDate "2006.07.14"]
[SourceQuality "1"]

1. e4 c5 2. Nf3 Nc6 3. d4 cxd4 4. Nxd4 Nf6 5. Nc3 e5 6. Ndb5 d6 7. Bg5 a6 8. Na3 b5 9. Nd5 Be7 10. Bxf6 Bxf6 11. c3 Bg5 12. Nc2 0-0 13. a4 bxa4 14. Rxa4 a5 15. Bc4 Rb8 16. Ra2 Kh8 17. Nce3 g6 18. h4 Bxh4 19. g3 Bg5 20. f4 exf4 21. gxf4 Bh4+ 22. Kf1 Be7 23. b4 Rg8 24. Rah2 Rg7 25. b5 Ne5 26. fxe5 dxe5 27. Ng4 f6 28. Qf3 Be6 29. Ke1 Bxd5 30. Bxd5 Rxb5 31. Rxh7+ Rxh7 32. Rxh7+ Kxh7 33. Qh3+ Kg7 34. Qh6# 1-0

[Event "Euskadi-ch U18"]
[Site "Eibar"]
[Date "2006.04.22"]
[Round "7"]
[White "Angulo Martinez, Jon"]
[Black "Zulaika Centeno, Ander"]
[Result "1-0"]
[WhiteElo "2130"]
[BlackElo "2009"]
[PlyCount "55"]
[EventDate "2006.04.18"]
[EventType "swiss"]
[EventRounds "7"]
[EventCountry "ESP"]
[SourceTitle "EXT 2018"]
[Source "ChessBase"]
[SourceDate "2017.10.13"]
[SourceVersion "1"]
[SourceVersionDate "2017.10.13"]
[SourceQuality "1"]

1. e4 e5 2. Nf3 Nc6 3. Bb5 a6 4. Ba4 Nf6 5. d4 exd4 6. 0-0 Be7 7. Re1 0-0 8. e5 Nd5 9. Nxd4 Nb6 10. Bb3 Nxd4 11. Qxd4 d6 12. exd6 Qxd6 13. Qe4 Bf6 14. Nc3 Bxc3 15. bxc3 Qc6 16. Ba3 Rd8 17. Bxf7+ Kxf7 18. Qe7+ Kg6 19. Qxd8 Bh3 20. Qd3+ Bf5 21. Qg3+ Kf6 22. Qe5+ Kg6 23. Re3 Qf6 24. Rg3+ Kf7 25. Qxc7+ Kg8 26. Bd6 Nd7 27. Rd1 Nf8 28. Be5 1-0

[Event "Gipuzkoa Provinz-ch"]
[Site "Azkoitia"]
[Date "2005.11.19"]
[Round "6"]
[White "Segovia Sanchez, Antonio"]
[Black "Zulaika Centeno, Ander"]
[Result "1-0"]
[WhiteElo "2054"]
[BlackElo "2019"]
[PlyCount "137"]
[EventDate "2005.10.15"]
[EventType "swiss"]
[EventRounds "7"]
[EventCountry "ESP"]
[SourceTitle "EXT 2022"]
[Source "ChessBase"]
[SourceDate "2021.10.06"]
[SourceVersion "1"]
[SourceVersionDate "2021.10.06"]
[SourceQuality "1"]

1. d4 d5 2. Nf3 Nf6 3. Bf4 Bf5 4. Nbd2 e6 5. e3 c5 6. c3 Qb6 7. Qb3 c4 8. Qa4+ Qc6 9. Qd1 Nbd7 10. Be2 Be7 11. 0-0 0-0 12. Ne5 Nxe5 13. Bxe5 Nd7 14. Bg3 b5 15. f3 a5 16. e4 Bg6 17. Re1 Nf6 18. exd5 Nxd5 19. Bf1 Bg5 20. Bf2 Rfd8 21. Ne4 Be7 22. Qe2 a4 23. a3 Nf6 24. g3 Rd7 25. Bg2 Rad8 26. g4 Bd6 27. Nxf6+ gxf6 28. f4 Qc7 29. Bg3 Bxf4 30. Bxf4 Qxf4 31. Bc6 Bd3 32. Qg2 Rd5 33. Bxd5 Rxd5 34. Rad1 Rg5 35. h3 f5 36. Re5 h5 37. Qf2 Qxf2+ 38. Kxf2 hxg4 39. hxg4 Rxg4 40. Rg1 Rxg1 41. Kxg1 Kg7 42. Rxb5 Bc2 43. Kf2 Kf6 44. Rb4 Bb3 45. Kg3 Kg5 46. Rb7 f4+ 47. Kf2 f6 48. Rb5+ Kg4 49. d5 exd5 50. Rxd5 Bc2 51. Rc5 Bd3 52. Rd5 Bc2 53. Rd4 Bd3 54. Rd8 Bc2 55. Rd6 Kf5 56. Kf3 Ke5 57. Rd4 Bd3 58. Rxf4 f5 59. Rd4 Ke6 60. Kf4 Be2 61. Rd8 Bd3 62. Re8+ Kd5 63. Re5+ Kc6 64. Rxf5 Kb6 65. Rd5 Bf1 66. Ke3 Bg2 67. Re5 Bf1 68. Kd4 Bd3 69. Rc5 1-0

[Event "Gipuzkoa Provinz-ch"]
[Site "Azkoitia"]
[Date "2005.11.12"]
[Round "5"]
[White "Zulaika Centeno, Ander"]
[Black "Martin Alvarez, Inigo"]
[Result "1/2-1/2"]
[WhiteElo "2019"]
[BlackElo "2087"]
[PlyCount "106"]
[EventDate "2005.10.15"]
[EventType "swiss"]
[EventRounds "7"]
[EventCountry "ESP"]
[SourceTitle "EXT 2022"]
[Source "ChessBase"]
[SourceDate "2021.10.06"]
[SourceVersion "1"]
[SourceVersionDate "2021.10.06"]
[SourceQuality "1"]

1. d4 Nf6 2. c4 e5 3. dxe5 Ng4 4. Bf4 Nc6 5. Nf3 Bb4+ 6. Nbd2 Qe7 7. a3 Ngxe5 8. Nxe5 Nxe5 9. e3 Bxd2+ 10. Qxd2 d6 11. Be2 0-0 12. 0-0 b6 13. Bxe5 dxe5 14. Rfd1 Bb7 15. Qd7 Qxd7 16. Rxd7 Rac8 17. Rad1 Bc6 18. R7d3 g6 19. b4 a6 20. g4 f6 21. R1d2 Kf7 22. f4 exf4 23. exf4 Rfe8 24. Kf2 Re4 25. Rd4 Rce8 26. Bf3 Rxd4 27. Rxd4 Bxf3 28. Kxf3 Re7 29. Rd5 Ke6 30. Ke4 h6 31. Kd4 Re8 32. f5+ gxf5 33. Rxf5 Rd8+ 34. Kc3 Kf7 35. Rh5 Kg6 36. a4 c6 37. a5 b5 38. Rc5 Rd6 39. h4 Re6 40. cxb5 cxb5 41. h5+ Kf7 42. Rc7+ Re7 43. Rxe7+ Kxe7 44. Kd3 Kd7 45. Ke3 Ke7 46. Kf4 Kf8 47. Ke4 Ke8 48. Kf3 Kf7 49. Kf4 Kf8 50. Kg3 Ke7 51. Kf3 Kf7 52. Ke4 Ke8 53. Kd5 Kd7 1/2-1/2

[Event "Gipuzkoa Provinz-ch"]
[Site "Azkoitia"]
[Date "2005.11.05"]
[Round "4"]
[White "Villar Moron, Roberto"]
[Black "Zulaika Centeno, Ander"]
[Result "0-1"]
[WhiteElo "2038"]
[BlackElo "2019"]
[PlyCount "58"]
[EventDate "2005.10.15"]
[EventType "swiss"]
[EventRounds "7"]
[EventCountry "ESP"]
[SourceTitle "EXT 2022"]
[Source "ChessBase"]
[SourceDate "2021.10.06"]
[SourceVersion "1"]
[SourceVersionDate "2021.10.06"]
[SourceQuality "1"]

1. e4 c5 2. Nf3 Nc6 3. d4 cxd4 4. Nxd4 e5 5. Nb5 a6 6. Nd6+ Bxd6 7. Qxd6 Qf6 8. Qxf6 Nxf6 9. Nc3 b5 10. Bg5 b4 11. Bxf6 bxc3 12. Bxg7 cxb2 13. Rb1 Rg8 14. Bh6 Rb8 15. c3 d6 16. Kd2 f5 17. g3 fxe4 18. Bc4 Rg6 19. Be3 Na5 20. Be2 Bg4 21. Bxa6 d5 22. Ba7 Rxa6 23. Bxb8 Nc4+ 24. Kc2 Be2 25. Rxb2 Bd3+ 26. Kc1 Nxb2 27. Kxb2 Rb6+ 28. Ka3 Rxb8 29. Ka4 Rb2 0-1

[Event "Gipuzkoa Provinz-ch"]
[Site "Azkoitia"]
[Date "2005.10.22"]
[Round "2"]
[White "Ladron de Guevara Galar, Francisco Javier"]
[Black "Zulaika Centeno, Ander"]
[Result "1-0"]
[WhiteElo "2120"]
[BlackElo "2019"]
[PlyCount "131"]
[EventDate "2005.10.15"]
[EventType "swiss"]
[EventRounds "7"]
[EventCountry "ESP"]
[SourceTitle "EXT 2022"]
[Source "ChessBase"]
[SourceDate "2021.10.06"]
[SourceVersion "1"]
[SourceVersionDate "2021.10.06"]
[SourceQuality "1"]

1. d4 Nf6 2. c4 e5 3. dxe5 Ng4 4. Bf4 Nc6 5. Nf3 Bb4+ 6. Nbd2 Qe7 7. e3 Ncxe5 8. Nxe5 Nxe5 9. Be2 0-0 10. 0-0 d6 11. Nb3 Rd8 12. a3 Bc5 13. Nxc5 dxc5 14. Qc2 Ng6 15. Bg3 Be6 16. Rfd1 f6 17. Bd3 Bf7 18. Rd2 Rd7 19. Rad1 Kh8 20. Be2 Rad8 21. b3 c6 22. h3 Nf8 23. Bg4 Be6 24. Bf3 Rxd2 25. Rxd2 Rxd2 26. Qxd2 Qd7 27. Qd6 Qxd6 28. Bxd6 Nd7 29. Be4 Kg8 30. Kf1 Kf7 31. h4 f5 32. Bd3 Kf6 33. Be2 Bf7 34. Ke1 Ke6 35. Bf4 Nf6 36. f3 a6 37. Kd2 Bh5 38. Kc3 Ne4+ 39. Kc2 Nd6 40. Bd3 Nf7 41. Kc3 Bg6 42. Kd2 Ne5 43. Be2 Be8 44. Bd1 Ng6 45. Bg3 Ne5 46. Bc2 Nd7 47. e4 Bg6 48. Ke3 Nf6 49. exf5+ Bxf5 50. Bxf5+ Kxf5 51. Bd6 Nd7 52. g4+ Ke6 53. Bg3 b5 54. Bc7 Ne5 55. Bxe5 Kxe5 56. f4+ Kd6 57. Ke4 a5 58. f5 a4 59. bxa4 bxa4 60. g5 Kd7 61. Ke5 Ke7 62. h5 Kd7 63. f6 g6 64. h6 Ke8 65. Kd6 Kf7 66. Kxc6 1-0